000 00797nab a2200241 u 4500
001 18784
003 HDC
007 cr bn ---aaaaa
008 210227b2009mmddmy d||noo|||| 00| 0 eng d
040 _aHDC
245 0 _aThai PM vows to develop economy in deep South
_c/ DagangHalal.com
260 _aMalaysia:
_bDagangAsia Network,
_c2009
300 _a1 online resource
336 _atext
_2rdacontent
337 _acomputer
_2rdamedia
338 _aonline resource
_2rdacarrier
650 _aFinance
_zSoutheast Asia
_917528
710 _aDagangHalal.com
856 _zRequest full-text at [email protected]
942 _2lcc
942 _cNEWS
942 _kNWSO 004063
999 _c16100
_d16100